|
|
|
|
| LEADER |
00000cam a2200000 7i4500 |
| 001 |
0000013580 |
| 005 |
20080409.0 |
| 008 |
080118 |
| 020 |
|
|
|a 9839888595
|
| 090 |
0 |
0 |
|a 297.2
|b SYA
|
| 245 |
1 |
0 |
|a Syarat memperolehi rahmat Allah Taala
|c Penyusun Muhammad Ali Imran
|
| 260 |
|
|
|a Selangor :
|b Pustaka Ilmi ,
|c 1996
|
| 650 |
|
0 |
|a Islam
|x Doctrines
|
| 700 |
0 |
|
|a Muhammad Ali Imran
|
| 999 |
|
|
|a 0001007868
|b Book
|c Adult Collection
|e Perbadanan Perpustakaan Awam Johor
|
| 999 |
|
|
|a 0001007869
|b Book
|c Adult Collection
|e Perbadanan Perpustakaan Awam Johor
|
| 999 |
|
|
|a 0001007870
|b Book
|c Adult Collection
|e Cawangan Bukit Gambir
|
| 999 |
|
|
|a 0001008775
|b Book
|c Adult Collection
|e Cawangan Kota Tinggi
|
| 999 |
|
|
|a 0001008776
|b Book
|c Adult Collection
|e Perbadanan Perpustakaan Awam Johor
|
| 999 |
|
|
|a 0001008777
|b Book
|c Adult Collection
|e Perbadanan Perpustakaan Awam Johor
|